Responses for show #2575 - Friday, November 10, 1995

1995 Celebrity Jeopardy! game 5.

Contestants

[<< previous game]

Thomas Haden Church, an actor from Wings and Ned and Stacey

Yasmine Bleeth, an actress from Baywatch

Jeff Foxworthy, a comedian from The Jeff Foxworthy Show

[next game >>]

Jeopardy! Round responses

U.S.A.
SURPRISING SINGERS
MAMMALS
LANGUAGES
WEIGHTS & MEASURES
CROSSWORD CLUES "S"
(Alex: Each correct response will begin with the letter S.)
    $100 7
the White House

Tom
    $100 9
Leonard Nimoy

Jeff
    $100 1
the Shetland

Triple Stumper
    $100 4
(Yasmine: What is Swedish?)

Dutch

Yasmine
Triple Stumper
    $100 19
saddle

Yasmine
    $200 8
the pecan

Tom
    $200 13
Don Johnson

Yasmine
    $200 2
a porcupine

Jeff
    $200 15
French

Yasmine
    $200 22
(Yasmine: Who is Samson?)

Solomon

JeffYasmine
    $300 10
the Hawkeye State

Triple Stumper
    $300 14
Phyllis Diller

Tom
    $300 3
the llama

Tom
    $300 18
English

Jeff
    $300 23
(Tom: What... is... a...)

a shoplifter

Tom
Triple Stumper
    $400 11
(Alex; The "Del" is for Delaware, the "mar" is for [*] & the va is for [**].)

Maryland & Virginia

Triple Stumper
    $500 16
(Alex: The Flying Nun.)

Sally Field

Yasmine
    $400 5
a rhesus monkey

Jeff
    $400 20
Greek

Yasmine
    $500 12
Princeton

Yasmine
    $500 17
Albert Finney

Triple Stumper
    $500 6
(Jeff: What are gazelles?)

an antelope

JeffTom
    $500 21
(Tom What is Swiss?)
...
(Alex: I'm Hans Christian Andersen and I'm [*].)

Danish

Tom
Triple Stumper

Scores at the first commercial break (after clue 12):

Jeff Yasmine Tom
$200 $400 $1,100

Scores at the end of the Jeopardy! Round:

Jeff Yasmine Tom
$700 $1,600 $600

Double Jeopardy! Round responses

THE HUMAN BODY
COMPOSERS & RULERS
TRANSPORTATION
LITERARY CHARACTERS
HISTORY
THE MOVIES
    $200 2
veins

Tom
    $200 15
a taxi

Tom
    $200 10
Lolita

Yasmine
    $200 16
tea

Yasmine
    $200 1
Waterworld

Jeff
    $400 7
Achilles tendon

Jeff
    $400 17
Greyhound

Yasmine
    $400 11
The Natural

Jeff
    $400 25
(Tom: What i Saudi Arabia?)

Egypt

JeffTom
    $400 3
Whoopi Goldberg

Yasmine
    $600 8
the mandible

Jeff
    $600 24
Eisenhower

Jeff
    $600 18
The Satanic Verses

Jeff
    $600 21
(Yasmine: Who is, oh God, the airplane guy?)
...
(Alex: Who is [*]? Not the airplane guy. Less than a minute to go, Jeff.)

Thomas Alva Edison

Yasmine
Triple Stumper
    $600 4
Apocalypse Now

Tom
    $800 9
adrenaline

Yasmine
    $1,100 23
the Erie Canal

Jeff
    $800 19
(Tom: What are The Doors of Perception?)

Brave New World

Tom
Triple Stumper
    $800 14
Jamestown

Triple Stumper
    $800 5
(Jeff: What is The Little Tramp?

The Gold Rush

Jeff
Triple Stumper
    $1,000 12
(Jeff: What is the stomach?)

the liver

Jeff
    $1000 22
Newfoundland

Triple Stumper
    $1000 20
James Jones

Triple Stumper
    $1000 13
Mexico

Tom
    $1000 6


Tom

Scores at the end of the Double Jeopardy! Round:

Jeff Yasmine Tom
$3,200 $3,000 $2,400

[wagering suggestions for these scores]

Final Jeopardy! Round responses

20th CENTURY PRESIDENTIAL ELECTIONS
(Alex: Now, as you know, he celebrity who had the highest score this week will have that sum matched by us. And that person was Charles Shaughnessy from The Nanny, who had $15,900, which means that the Sunshine Mission will receive $31,800.)
[Charles joins Alex on stage]
(Alex: Congratulations.)
(Charles: Thank you.)
(Alex: Thanks for tuning us in. Next week, the Tournament of Champions for $100,000. Hope to see you then. So long, everybody.)
TomWho is Ross Perot?
$2,400
YasmineWho is David Hasselhoff
$0
JeffWho is Ross Perrot
$2,900
Ross Perot

Final scores:

Jeff Yasmine Tom
$6,100 $3,000 $4,800
Winner: $10,000 to St. Jude's Hospital 3rd place: $10,000 to Sloan Kettering Breast Cancer Research 2nd place: $10,000 to for the Hill Country Youth Ranch in Ingram, Texas

Game dynamics:

Coryat scores:

Jeff Yasmine Tom
$3,900 $2,900 $2,400
13 R
(including 1 DD),
3 W
(including 1 DD)
11 R
(including 1 DD),
3 W
10 R,
4 W

Combined Coryat: $9,200

The J! Archive is created by fans, for fans. The Jeopardy! game show and all elements thereof, including but not limited to copyright and trademark thereto, are the property of Jeopardy Productions, Inc. and are protected under law. This website is not affiliated with, sponsored by, or operated by Jeopardy Productions, Inc. Join the discussion at JBoard.tv.